ნორმალური ფორმატი
MARC ფორმატი
ჩანაწერი Corporate Name
ჩანაწერთა რაოდენობა, რომელიც გამოყენებულია: 1
001 - CONTROL NUMBER
- control field: 10303
003 - CONTROL NUMBER IDENTIFIER
- control field: GE_BSU
005 - DATE AND TIME OF LATEST TRANSACTION
- control field: 20210302141056.0
008 - FIXED-LENGTH DATA ELEMENTS
- fixed length control field: 210302|| aca||aabn | a|a d
040 ## - CATALOGING SOURCE
- Original cataloging agency: GE_BSU
- Transcribing agency: GE_BSU
110 ## - HEADING--CORPORATE NAME
- Corporate name or jurisdiction name as entry element: ბსუ
- Subordinate unit: საბუნებისმეტყველო მეცნიერებათა და ჯანდაცვის ფაკულტეტი.
670 ## - SOURCE DATA FOUND
- Source citation: Work cat.: (GE_BSU): ტეტემაძე, ნათელა 10302, კოლხეთის პერკოლაციური ტორფნარევის სფაგნუმის სახეობების მოეფოლოგიური-ანატომიური შესწავლა, კონსერვაცია და გონივრული გამოყენება
